[Event "Bratsk-ch"]
[Site "Bratsk"]
[Date "2018.04.02"]
[Round "11"]
[White "Galaktionov, Pavel"]
[Black "Shaydullin, Marsel"]
[Result "1-0"]
[WhiteElo "2167"]
[BlackElo "1888"]
[PlyCount "81"]
[EventDate "2018.03.24"]
[EventType "tourn"]
[EventRounds "13"]
[EventCountry "RUS"]
[SourceTitle "EXT 2019"]
[Source "ChessBase"]
[SourceDate "2018.10.10"]
[SourceVersion "1"]
[SourceVersionDate "2018.10.10"]
[SourceQuality "1"]

1. e4 g6 2. d4 Bg7 3. Nc3 d6 4. Nge2 Nf6 5. Ng3 0-0 6. Be2 e5 7. d5 c5 8. h4 h6 9. f4 exf4 10. Bxf4 a6 11. h5 g5 12. Be3 Re8 13. a4 b6 14. 0-0 Ra7 15. Bf3 Rae7 16. Qd2 Ng4 17. Bxg4 Bxg4 18. Bxg5 Bd4+ 19. Be3 Re5 20. Bxd4 cxd4 21. Qxd4 Qh4 22. Qd3 Nd7 23. Rf4 Qg5 24. Raf1 Nc5 25. Qd4 R8e7 26. b4 Nd7 27. Qf2 f6 28. Nce2 Bxe2 29. Qxe2 Rg7 30. Nf5 Kh7 31. Nxg7 Qxg7 32. Rg4 Rg5 33. Rxg5 hxg5 34. Qxa6 g4 35. Qc8 g3 36. a5 f5 37. Qe8 Qd4+ 38. Kh1 Ne5 39. Qe7+ Kg8 40. Qg5+ Kh8 41. Qxf5 1-0

[Event "Bratsk-ch"]
[Site "Bratsk"]
[Date "2018.03.29"]
[Round "7"]
[White "Galaktionov, Pavel"]
[Black "Podsevny, Alexander"]
[Result "1/2-1/2"]
[WhiteElo "2167"]
[BlackElo "2019"]
[PlyCount "89"]
[EventDate "2018.03.24"]
[EventType "tourn"]
[EventRounds "13"]
[EventCountry "RUS"]
[SourceTitle "EXT 2019"]
[Source "ChessBase"]
[SourceDate "2018.10.10"]
[SourceVersion "1"]
[SourceVersionDate "2018.10.10"]
[SourceQuality "1"]

1. e4 c6 2. d4 d6 3. Nc3 g6 4. Be3 Bg7 5. Nge2 Nd7 6. Ng3 Ngf6 7. Be2 Qa5 8. 0-0 h5 9. h4 Ng4 10. Bg5 Qb6 11. Bxg4 hxg4 12. Qxg4 Bxd4 13. Nge2 Bg7 14. Rab1 Ne5 15. Qg3 Ng4 16. b4 a5 17. b5 Qc5 18. Rfd1 a4 19. Rd3 Be6 20. bxc6 bxc6 21. Rb7 Bf6 22. Bxf6 Nxf6 23. Nf4 Bc4 24. Rf3 Qe5 25. a3 Nh5 26. Nxh5 Qxh5 27. Rf4 Qc5 28. Rb4 Bb5 29. Qf3 Qh5 30. Qe3 g5 31. Rf3 g4 32. Nxb5 cxb5 33. Rf5 Qxh4 34. Kf1 Rc8 35. Qd3 Qh1+ 36. Ke2 Qxg2 37. Qxb5+ Kf8 38. Rc4 Rxc4 39. Qxc4 f6 40. Qc8+ Kf7 41. Qc4+ Kf8 42. Qc8+ Kf7 43. Qc4+ Kg6 44. Qe6 Rh1 45. Qg8+ 1/2-1/2

[Event "Bratsk-ch"]
[Site "Bratsk"]
[Date "2018.03.25"]
[Round "3"]
[White "Mashaev, Tayanych"]
[Black "Galaktionov, Pavel"]
[Result "0-1"]
[WhiteElo "2073"]
[BlackElo "2167"]
[PlyCount "52"]
[EventDate "2018.03.24"]
[EventType "tourn"]
[EventRounds "13"]
[EventCountry "RUS"]
[SourceTitle "EXT 2019"]
[Source "ChessBase"]
[SourceDate "2018.10.10"]
[SourceVersion "1"]
[SourceVersionDate "2018.10.10"]
[SourceQuality "1"]

1. d4 f5 2. c4 e6 3. Nf3 Nf6 4. g3 d5 5. Bg2 c6 6. Qc2 Bd6 7. 0-0 0-0 8. b3 Qe7 9. Rd1 b6 10. Nc3 Ne4 11. Ne5 Bb7 12. f3 Nxc3 13. Qxc3 c5 14. e3 Nc6 15. f4 cxd4 16. exd4 Rac8 17. Qb2 dxc4 18. Nxc4 Rfd8 19. d5 Bc5+ 20. Be3 exd5 21. Qe2 dxc4 22. Qxc4+ Kh8 23. Bxc5 Qxc5+ 24. Qxc5 bxc5 25. Rxd8+ Rxd8 26. Rc1 Nd4 0-1

[Event "Bratsk-ch"]
[Site "Bratsk"]
[Date "2017.12.15"]
[Round "2"]
[White "Galaktionov, Pavel"]
[Black "Andronov, Alexey"]
[Result "1/2-1/2"]
[WhiteElo "2162"]
[BlackElo "2019"]
[PlyCount "71"]
[EventDate "2017.12.14"]
[EventType "tourn"]
[EventRounds "11"]
[EventCountry "RUS"]
[SourceTitle "CBM 182 Extra"]
[Source "ChessBase"]
[SourceDate "2018.02.23"]
[SourceVersion "1"]
[SourceVersionDate "2018.02.23"]
[SourceQuality "1"]

1. e4 e5 2. Nf3 Nc6 3. Bc4 Nf6 4. d4 exd4 5. e5 d5 6. Bb5 Nd7 7. Bxc6 bxc6 8. Qxd4 Bc5 9. Qa4 0-0 10. 0-0 Bb7 11. Qg4 Re8 12. Bg5 Qc8 13. Qg3 Nf8 14. Nbd2 Ng6 15. Rfe1 Bf8 16. c4 c5 17. cxd5 Bxd5 18. Nf1 Qb7 19. b3 a5 20. h4 h5 21. N3d2 a4 22. f4 axb3 23. axb3 Qb4 24. Rad1 Ra2 25. f5 Ne7 26. Ne3 Rxd2 27. Rxd2 Qxd2 28. Bxe7 Rxe7 29. Rd1 Qc3 30. Rxd5 c6 31. Rd8 Qxe5 32. Qxe5 Rxe5 33. Kf2 Re4 34. g3 Rb4 35. Rd3 Be7 36. Nc4 1/2-1/2

[Event "Bratsk-ch"]
[Site "Bratsk"]
[Date "2015.03.16"]
[Round "6"]
[White "Gobzhila, Evgeny"]
[Black "Galaktionov, Pavel"]
[Result "1-0"]
[WhiteElo "2223"]
[BlackElo "2168"]
[PlyCount "91"]
[EventDate "2015.03.11"]
[EventType "tourn"]
[EventRounds "11"]
[EventCountry "RUS"]
[SourceTitle "CBM 165 Extra"]
[Source "ChessBase"]
[SourceDate "2015.04.21"]
[SourceVersion "1"]
[SourceVersionDate "2015.04.21"]
[SourceQuality "1"]

1. d4 d5 2. c4 e6 3. Nc3 Nf6 4. Nf3 Be7 5. e3 0-0 6. Bd3 b6 7. 0-0 Bb7 8. Qc2 Nbd7 9. b3 Re8 10. e4 dxe4 11. Nxe4 Nxe4 12. Bxe4 Bxe4 13. Qxe4 Bf6 14. Bb2 c5 15. Rad1 Qc7 16. Rd2 cxd4 17. Bxd4 e5 18. Bb2 Nc5 19. Qe3 Re7 20. Ba3 Rc8 21. Rfd1 e4 22. Nd4 g6 23. Nb5 Qe5 24. Rd5 Qe6 25. h3 Be5 26. Nd6 Bxd6 27. Rxd6 Qf5 28. R1d5 Re5 29. Rd8+ Rxd8 30. Rxd8+ Kg7 31. Bb2 f6 32. Bxe5 Qxe5 33. Qd4 Qf4 34. Rd6 g5 35. b4 Nd3 36. c5 bxc5 37. bxc5 Qc1+ 38. Kh2 Qf4+ 39. g3 Qf5 40. c6 Ne5 41. Qxa7+ Kg6 42. c7 e3 43. Qxe3 Nc4 44. Qe8+ Kh6 45. Qf8+ Kg6 46. Rxf6+ 1-0

[Event "Irkutsk Region-ch sf2"]
[Site "Bratsk"]
[Date "2014.05.20"]
[Round "6"]
[White "Galaktionov, Pavel"]
[Black "Solovjov, Alexandr"]
[Result "1/2-1/2"]
[WhiteElo "2158"]
[BlackElo "2187"]
[PlyCount "157"]
[EventDate "2014.05.15"]
[EventType "swiss"]
[EventRounds "9"]
[EventCountry "RUS"]
[SourceTitle "EXT 2016"]
[Source "ChessBase"]
[SourceDate "2015.10.08"]
[SourceVersion "1"]
[SourceVersionDate "2015.10.08"]
[SourceQuality "1"]

1. e4 c5 2. Nf3 d6 3. d4 cxd4 4. Nxd4 Nf6 5. Nc3 a6 6. h3 e5 7. Nde2 Be6 8. g4 g6 9. Bg2 Bg7 10. 0-0 h5 11. g5 Ng8 12. Nd5 Ne7 13. Nec3 Nec6 14. Ne2 Nd7 15. Be3 0-0 16. c3 Ne7 17. c4 b5 18. cxb5 Bxd5 19. exd5 axb5 20. Ng3 f5 21. gxf6 Nxf6 22. Bg5 Qd7 23. Qd3 Ra4 24. Be3 h4 25. Ne2 Kh7 26. Nc3 e4 27. Qxb5 Qxb5 28. Nxb5 Nfxd5 29. Nxd6 Bxb2 30. Rab1 Nxe3 31. fxe3 Rxf1+ 32. Rxf1 Nf5 33. Nxf5 gxf5 34. Rxf5 Bc1 35. Rh5+ Kg6 36. Rxh4 Bxe3+ 37. Kh2 Kf5 38. Kg3 Bf2+ 39. Kxf2 e3+ 40. Kxe3 Rxh4 41. Kf3 Ra4 42. Kg3 Rxa2 43. Bf3 Ra3 44. Kf2 Kf4 45. Bg4 Re3 46. Kg2 Rd3 47. Kf2 Rd2+ 48. Kg1 Rb2 49. Kf1 Ke3 50. Kg1 Rf2 51. Kh1 Kf4 52. Kg1 Kg3 53. Bh5 Rf6 54. Bg4 Rf4 55. Bc8 Rc4 56. Ba6 Rc6 57. Bb5 Rb6 58. Bc4 Rf6 59. Bf1 Rf4 60. Bg2 Rf2 61. Bf1 Ra2 62. Kh1 Ra1 63. Kg1 Kf3 64. h4 Ra4 65. Bb5 Ra2 66. h5 Rg2+ 67. Kf1 Rc2 68. Ke1 Rc5 69. Ba6 Ra5 70. Bc4 Ke3 71. Kd1 Rxh5 72. Kc2 Kd4 73. Bb3 Rh1 74. Kb2 Kc5 75. Be6 Kb4 76. Bf5 Rf1 77. Bg6 Rf2+ 78. Ka1 Ka3 79. Bh7 1/2-1/2

[Event "Bratsk-ch"]
[Site "Bratsk"]
[Date "2014.03.15"]
[Round "7"]
[White "Andronov, Alexey"]
[Black "Galaktionov, Pavel"]
[Result "1-0"]
[WhiteElo "1973"]
[BlackElo "2181"]
[PlyCount "75"]
[EventDate "2014.03.10"]
[EventType "tourn"]
[EventRounds "15"]
[EventCountry "RUS"]
[SourceTitle "CBM 159 Extra"]
[Source "ChessBase"]
[SourceDate "2014.04.24"]
[SourceVersion "1"]
[SourceVersionDate "2014.04.24"]
[SourceQuality "1"]

1. e4 c5 2. Nf3 d6 3. d4 cxd4 4. Nxd4 Nf6 5. Nc3 g6 6. Be3 Bg7 7. f3 0-0 8. Qd2 Nc6 9. Bc4 Bd7 10. 0-0-0 Rc8 11. Bb3 Ne5 12. h4 h5 13. Bh6 Nc4 14. Bxc4 Rxc4 15. Bxg7 Kxg7 16. g4 Qa5 17. Nb3 Qa6 18. e5 dxe5 19. g5 Bf5 20. gxf6+ exf6 21. Kb1 Rfc8 22. Rh2 b6 23. Qe3 Qb7 24. Rc1 Rf4 25. Nd2 b5 26. Nde4 b4 27. Ne2 Rxf3 28. Qxf3 Bxe4 29. Qe3 a5 30. Ng3 Bf3 31. c4 bxc3 32. Rxc3 Rxc3 33. Qxc3 e4 34. Qxa5 f5 35. Qc3+ f6 36. Qc1 Qb8 37. Rc2 Qxg3 38. Rc7+ 1-0

[Event "Bratsk Region-ch"]
[Site "Bratsk"]
[Date "2013.10.25"]
[Round "7"]
[White "Bahturin, Konstantin"]
[Black "Galaktionov, Pavel"]
[Result "0-1"]
[WhiteElo "2149"]
[BlackElo "2163"]
[PlyCount "84"]
[EventDate "2013.10.19"]
[EventType "swiss"]
[EventRounds "9"]
[EventCountry "RUS"]
[SourceTitle "EXT 2014"]
[Source "ChessBase"]
[SourceDate "2013.11.20"]
[SourceVersion "1"]
[SourceVersionDate "2013.11.20"]
[SourceQuality "1"]

1. d4 c5 2. e3 e6 3. Nf3 Nf6 4. c4 Be7 5. Nc3 0-0 6. Bd3 cxd4 7. exd4 d6 8. 0-0 Nbd7 9. Re1 b6 10. h3 Bb7 11. Bf4 a6 12. Qe2 Re8 13. Rad1 Qc7 14. Bh2 Nf8 15. a4 N8d7 16. Rc1 Rec8 17. Rc2 Qd8 18. Rec1 a5 19. Re1 Nb8 20. Ne4 Na6 21. Rcc1 Nb4 22. Nxf6+ Bxf6 23. Bb1 Bxf3 24. Qxf3 d5 25. cxd5 Nxd5 26. Be5 Rxc1 27. Rxc1 Rc8 28. Rxc8 Qxc8 29. Be4 Bxe5 30. dxe5 Qc1+ 31. Kh2 Qxb2 32. Qg3 Qd4 33. Bc2 g6 34. h4 Nc3 35. h5 Ne2 36. Qg5 Qxf2 37. hxg6 Qg1+ 38. Kh3 Qh1+ 39. Kg4 Qxg2+ 40. Kh4 Qh2+ 41. Kg4 Qg3+ 42. Kh5 Nf4+ 0-1

[Event "Bratsk Region-ch"]
[Site "Bratsk"]
[Date "2013.10.24"]
[Round "6"]
[White "Galaktionov, Pavel"]
[Black "Bobarykin, Dmitry"]
[Result "1-0"]
[WhiteElo "2163"]
[BlackElo "2226"]
[PlyCount "83"]
[EventDate "2013.10.19"]
[EventType "swiss"]
[EventRounds "9"]
[EventCountry "RUS"]
[SourceTitle "EXT 2014"]
[Source "ChessBase"]
[SourceDate "2013.11.20"]
[SourceVersion "1"]
[SourceVersionDate "2013.11.20"]
[SourceQuality "1"]

1. e4 c6 2. d4 d5 3. e5 Bf5 4. h4 h6 5. g4 Bh7 6. e6 fxe6 7. Bd3 Bxd3 8. Qxd3 Nf6 9. Bf4 Qb6 10. Nc3 Nbd7 11. 0-0-0 0-0-0 12. Qg3 c5 13. Nf3 Ne4 14. Nxe4 dxe4 15. dxc5 Qa5 16. Nd4 Qxa2 17. Nb3 g5 18. Qc3 Bg7 19. Qxg7 gxf4 20. Qc3 Nf6 21. Qe5 Qa6 22. Qxf4 Nd5 23. Qxe4 Rhf8 24. g5 Rf4 25. Qe5 Rxf2 26. gxh6 Rf6 27. Qg5 Rh8 28. h7 Rf7 29. Qg8+ Rf8 30. Qg7 Qc4 31. Nd4 Qxc5 32. Rhe1 Nc7 33. Nxe6 Nxe6 34. Rxe6 Re8 35. Rde1 Kd7 36. R6e3 Qb4 37. Rc3 Qf4+ 38. Kb1 Qf2 39. Rd1+ Ke6 40. Qg6+ Ke5 41. Rc5+ Qxc5 42. Qg5+ 1-0

[Event "Bratsk Region-ch"]
[Site "Bratsk"]
[Date "2013.10.20"]
[Round "2"]
[White "Galaktionov, Pavel"]
[Black "Zakharov, Alexander"]
[Result "1-0"]
[WhiteElo "2163"]
[BlackElo "2037"]
[PlyCount "43"]
[EventDate "2013.10.19"]
[EventType "swiss"]
[EventRounds "9"]
[EventCountry "RUS"]
[SourceTitle "EXT 2014"]
[Source "ChessBase"]
[SourceDate "2013.11.20"]
[SourceVersion "1"]
[SourceVersionDate "2013.11.20"]
[SourceQuality "1"]

1. e4 c5 2. Nf3 Nf6 3. Nc3 e6 4. d4 cxd4 5. Nxd4 d6 6. g3 Be7 7. Bg2 0-0 8. 0-0 a6 9. b3 Qc7 10. Bb2 Nc6 11. Nxc6 bxc6 12. Na4 Bb7 13. c4 Rad8 14. Qe2 Nd7 15. Rac1 Bf6 16. c5 Bxb2 17. Qxb2 d5 18. Rfd1 Nf6 19. Qe2 dxe4 20. Bxe4 Nd5 21. a3 Qe5 22. Bxh7+ 1-0

[Event "Irkutsk Region-ch"]
[Site "Irkutsk"]
[Date "2010.10.26"]
[Round "10"]
[White "Galaktionov, Pavel"]
[Black "Grigoriev, Elisey"]
[Result "1-0"]
[WhiteElo "2161"]
[BlackElo "2049"]
[PlyCount "63"]
[EventDate "2010.10.17"]
[EventType "tourn"]
[EventRounds "11"]
[EventCountry "RUS"]
[SourceTitle "EXT 2012"]
[Source "ChessBase"]
[SourceDate "2011.11.24"]
[SourceVersion "1"]
[SourceVersionDate "2011.11.24"]
[SourceQuality "1"]

1. e4 c5 2. Nf3 d6 3. d4 cxd4 4. Nxd4 Nf6 5. Bd3 g6 6. c4 Nc6 7. Nxc6 bxc6 8. Nc3 Bg7 9. 0-0 0-0 10. Qe2 e5 11. Rd1 Qc7 12. Bg5 h6 13. Be3 Ng4 14. c5 Nxe3 15. cxd6 Qxd6 16. Qxe3 Qb4 17. Rd2 Be6 18. Rc2 Kh7 19. b3 Qa3 20. Rb1 Qd6 21. Na4 Rfd8 22. Ba6 Bc8 23. Bf1 Bd7 24. Nc5 Be8 25. Nb7 Qd4 26. Nxd8 Rxd8 27. Be2 h5 28. Qf3 Qb6 29. Bc4 a5 30. Bxf7 Bd7 31. Qg3 c5 32. Rd2 1-0

[Event "Irkutsk Region-ch"]
[Site "Irkutsk"]
[Date "2010.10.25"]
[Round "9"]
[White "Stulikov, Vyacheslav"]
[Black "Galaktionov, Pavel"]
[Result "1/2-1/2"]
[WhiteElo "2040"]
[BlackElo "2161"]
[PlyCount "153"]
[EventDate "2010.10.17"]
[EventType "tourn"]
[EventRounds "11"]
[EventCountry "RUS"]
[SourceTitle "EXT 2012"]
[Source "ChessBase"]
[SourceDate "2011.11.24"]
[SourceVersion "1"]
[SourceVersionDate "2011.11.24"]
[SourceQuality "1"]

1. Nf3 d5 2. d4 e6 3. a3 f5 4. Bf4 Bd6 5. Qd2 Nf6 6. Nc3 a6 7. h3 Nbd7 8. Ne5 Ne4 9. Nxe4 fxe4 10. g4 Qf6 11. Bg5 Qf8 12. Nxd7 Bxd7 13. Bg2 c6 14. Qe3 Qf7 15. c4 b6 16. Qc3 a5 17. 0-0 0-0 18. b4 h5 19. c5 bxc5 20. bxc5 Bc7 21. f3 exf3 22. exf3 Bf4 23. Bxf4 Qxf4 24. Rab1 Bc8 25. Rb2 Ba6 26. Re1 Rfe8 27. Re5 h4 28. Re1 a4 29. Rb6 Bb5 30. Qe3 Qc7 31. Qe5 Qxe5 32. Rxe5 Kf7 33. Kf2 Rab8 34. Rxb8 Rxb8 35. f4 Bd3 36. Bf3 Rb2+ 37. Ke1 g6 38. Re3 Bc2 39. Kd2 Be4+ 40. Kc1 Rc2+ 41. Kd1 Rf2 42. Be2 Rxf4 43. Ke1 e5 44. dxe5 Ke6 45. Bd1 d4 46. Re2 Bf3 47. Rb2 Bxd1 48. Kxd1 Kxe5 49. Rb4 d3 50. Rb8 Kd4 51. Rd8+ Kxc5 52. Kd2 Rf6 53. Ra8 Rf2+ 54. Kc3 Rf4 55. Rg8 Rd4 56. Kd2 Rd6 57. Rb8 Kd4 58. Rb4+ Ke5 59. Rxa4 Rd4 60. Ra5+ Kf4 61. Rc5 Rd6 62. a4 Kg3 63. a5 Kxh3 64. a6 Kxg4 65. a7 Rd8 66. Rxc6 g5 67. Ra6 Ra8 68. Kxd3 Kg3 69. Ke4 h3 70. Ra3+ Kg4 71. Ra2 Kg3 72. Ra3+ Kg4 73. Ra2 Kh4 74. Kf3 Rf8+ 75. Ke4 Ra8 76. Kf3 Rf8+ 77. Ke4 1/2-1/2

[Event "Irkutsk Region-ch"]
[Site "Irkutsk"]
[Date "2010.10.17"]
[Round "1"]
[White "Galaktionov, Pavel"]
[Black "Fellenger, Alexander"]
[Result "1-0"]
[WhiteElo "2161"]
[BlackElo "2102"]
[PlyCount "95"]
[EventDate "2010.10.17"]
[EventType "tourn"]
[EventRounds "11"]
[EventCountry "RUS"]
[SourceTitle "EXT 2012"]
[Source "ChessBase"]
[SourceDate "2011.11.24"]
[SourceVersion "1"]
[SourceVersionDate "2011.11.24"]
[SourceQuality "1"]

1. e4 d5 2. exd5 Qxd5 3. Nc3 Qd6 4. d4 Nf6 5. Bc4 Bg4 6. Nge2 e6 7. f3 Bf5 8. Bf4 Qb4 9. Bb3 c6 10. 0-0 Bg6 11. Kh1 Nbd7 12. a3 Qa5 13. Ng3 Nd5 14. Nxd5 cxd5 15. Qe2 Nf6 16. Be5 Be7 17. f4 0-0 18. f5 exf5 19. Nxf5 Rfe8 20. Qf3 Bxf5 21. Qxf5 Qb6 22. Rad1 Rad8 23. Rd3 Qe6 24. Qg5 h6 25. Qf4 Ne4 26. Qxe4 dxe4 27. Bxe6 fxe6 28. Rg3 g5 29. Re3 Rf8 30. Kg1 Rxf1+ 31. Kxf1 Kf7 32. Rxe4 Bf6 33. Bxf6 Kxf6 34. Ke2 b5 35. Kd3 Rd5 36. b3 Rf5 37. Re3 g4 38. c4 a6 39. Re2 Rf1 40. Kc3 bxc4 41. bxc4 Ra1 42. Kb4 Rd1 43. Kc5 Ra1 44. Kd6 Rxa3 45. Rxe6+ Kf5 46. c5 Rc3 47. Re5+ Kf4 48. c6 1-0

[Event "Sibiria Region-ch"]
[Site "Irkutsk"]
[Date "2010.05.22"]
[Round "9"]
[White "Ginzburg, Alexander"]
[Black "Galaktionov, Pavel"]
[Result "1-0"]
[WhiteElo "2013"]
[BlackElo "2161"]
[PlyCount "111"]
[EventDate "2010.05.15"]
[EventType "swiss"]
[EventRounds "9"]
[EventCountry "RUS"]
[SourceTitle "CBM 136 Extra"]
[Source "ChessBase"]
[SourceDate "2010.07.02"]
[SourceVersion "2"]
[SourceVersionDate "2010.07.15"]
[SourceQuality "1"]

1. d4 d5 2. c4 e6 3. Nf3 c6 4. Qc2 f5 5. g3 Nf6 6. Bg2 Bd6 7. 0-0 0-0 8. b3 Qe7 9. Bb2 Ne4 10. Nc3 b6 11. Ne5 Bb7 12. Rac1 Bxe5 13. dxe5 Nd7 14. Nd1 Rac8 15. f3 Ng5 16. e3 a5 17. Nf2 c5 18. Nd3 Nf7 19. f4 Nb8 20. cxd5 exd5 21. Nf2 Qe6 22. Bh3 Nh6 23. e4 dxe4 24. Nxe4 Qc6 25. Nf2 Na6 26. Rfd1 Rfd8 27. Qc4+ Kh8 28. e6 Nc7 29. Re1 Rd6 30. Qc3 Rg8 31. e7 Ne6 32. Qe5 Ng4 33. Qe2 Re8 34. Rcd1 Nd4 35. Bxd4 cxd4 36. Nxg4 d3 37. Qg2 d2 38. Rf1 Qc8 39. Qe2 fxg4 40. Bxg4 Ba6 41. Qe5 Qc6 42. Rf2 Rd3 43. Rfxd2 Bb7 44. Kf1 Rxd2 45. Rxd2 Qh1+ 46. Ke2 Ba6+ 47. Ke3 Qe1+ 48. Be2 Qg1+ 49. Kf3 Bb7+ 50. Kg4 Bc8+ 51. f5 h5+ 52. Kg5 Qc1 53. Kg6 Bxf5+ 54. Qxf5 Qc6+ 55. Kf7 g6 56. Qe5+ 1-0

[Event "Sibiria Region-ch"]
[Site "Irkutsk"]
[Date "2010.05.19"]
[Round "6"]
[White "Galaktionov, Pavel"]
[Black "Tugarin, Anton"]
[Result "1/2-1/2"]
[WhiteElo "2161"]
[BlackElo "1968"]
[PlyCount "88"]
[EventDate "2010.05.15"]
[EventType "swiss"]
[EventRounds "9"]
[EventCountry "RUS"]
[SourceTitle "CBM 136 Extra"]
[Source "ChessBase"]
[SourceDate "2010.07.02"]
[SourceVersion "2"]
[SourceVersionDate "2010.07.15"]
[SourceQuality "1"]

1. e4 c5 2. Nf3 d6 3. d4 cxd4 4. Nxd4 Nf6 5. Nc3 g6 6. Be2 Bg7 7. Nb3 Nc6 8. 0-0 0-0 9. Kh1 Be6 10. f4 Qc8 11. Bf3 Bg4 12. Be3 Rd8 13. a3 Bxf3 14. Qxf3 Qg4 15. Rad1 Qxf3 16. Rxf3 Rac8 17. h3 b6 18. g3 Nd7 19. Nd4 Nxd4 20. Bxd4 Nc5 21. Kg2 Bxd4 22. Rxd4 Kf8 23. Rf2 a6 24. Kf3 b5 25. Rfd2 Ne6 26. R4d3 Ke8 27. h4 h5 28. f5 Nc5 29. Rd5 Nd7 30. fxg6 fxg6 31. Nd1 Ne5+ 32. Kf4 Kf7 33. Rg2 Kg7 34. Ke3 Rf8 35. c3 Ng4+ 36. Ke2 Rc4 37. Rd4 Rc6 38. a4 bxa4 39. Rxa4 Rb8 40. Kd3 Ne5+ 41. Ke2 Ng4 42. Kd3 Rf8 43. Ke2 Rb8 44. Kd3 Rf8 1/2-1/2

[Event "Sibiria Region-ch"]
[Site "Irkutsk"]
[Date "2010.05.17"]
[Round "4"]
[White "Galaktionov, Pavel"]
[Black "Ostapenko, Dmitry"]
[Result "0-1"]
[WhiteElo "2161"]
[BlackElo "2320"]
[PlyCount "110"]
[EventDate "2010.05.15"]
[EventType "swiss"]
[EventRounds "9"]
[EventCountry "RUS"]
[SourceTitle "CBM 136 Extra"]
[Source "ChessBase"]
[SourceDate "2010.07.02"]
[SourceVersion "2"]
[SourceVersionDate "2010.07.15"]
[SourceQuality "1"]

1. e4 c5 2. Nc3 Nc6 3. f4 g6 4. Nf3 Bg7 5. Bc4 e6 6. 0-0 Nge7 7. d3 0-0 8. Qe1 d5 9. Bb3 Na5 10. a3 Nxb3 11. cxb3 Nc6 12. Qf2 Nd4 13. b4 Nxf3+ 14. Qxf3 cxb4 15. axb4 Qb6+ 16. Kh1 dxe4 17. Qxe4 Rd8 18. Be3 Bd4 19. Bxd4 Qxd4 20. Rfd1 a6 21. b5 Rb8 22. Qe5 Qxe5 23. fxe5 axb5 24. d4 Bd7 25. Ne4 Bc6 26. Nd6 Ra8 27. Rf1 f5 28. Rfc1 Ra4 29. Rxa4 bxa4 30. Kg1 Ra8 31. Rc3 Ra6 32. Kf2 Rb6 33. Rc2 Rb3 34. Rd2 Kf8 35. g3 Ke7 36. Nc4 Be4 37. Nd6 Bd5 38. Ke2 Kd7 39. Rc2 b5 40. Kd2 g5 41. Kc1 h5 42. Nc8 Be4 43. Nb6+ Ke8 44. Rc8+ Kf7 45. Rc7+ Ke8 46. Rc8+ Kf7 47. Rc7+ Kg6 48. Re7 Bd5 49. Nxd5 exd5 50. Re6+ Kg7 51. Re7+ Kf8 52. Rd7 h4 53. Rxd5 hxg3 54. hxg3 Ke7 55. Rd6 Rxg3 0-1

[Event "Sibiria Region-ch"]
[Site "Irkutsk"]
[Date "2010.05.15"]
[Round "1"]
[White "Usov, Alexander"]
[Black "Galaktionov, Pavel"]
[Result "0-1"]
[WhiteElo "1701"]
[BlackElo "2161"]
[PlyCount "34"]
[EventDate "2010.05.15"]
[EventType "swiss"]
[EventRounds "9"]
[EventCountry "RUS"]
[SourceTitle "CBM 136 Extra"]
[Source "ChessBase"]
[SourceDate "2010.07.02"]
[SourceVersion "2"]
[SourceVersionDate "2010.07.15"]
[SourceQuality "1"]

1. e4 c5 2. Nf3 d6 3. c3 Nf6 4. Bd3 Bg4 5. 0-0 Nc6 6. Bc2 e5 7. Re1 Be7 8. a3 0-0 9. b4 a6 10. Bb2 Rc8 11. d4 cxd4 12. cxd4 exd4 13. Nbd2 Nd7 14. Rc1 Bg5 15. Bb1 Nde5 16. Qb3 Bxf3 17. gxf3 Bxd2 0-1

[Event "Irkutsk Region-ch"]
[Site "Angarsk"]
[Date "2009.11.02"]
[Round "8"]
[White "Burdyko, Alexander"]
[Black "Galaktionov, Pavel"]
[Result "1-0"]
[WhiteElo "2133"]
[BlackElo "2168"]
[PlyCount "65"]
[EventDate "2009.10.26"]
[EventType "swiss"]
[EventRounds "9"]
[EventCountry "RUS"]
[SourceTitle "EXT 2023"]
[Source "ChessBase"]
[SourceDate "2022.10.05"]
[SourceVersion "1"]
[SourceVersionDate "2022.10.05"]
[SourceQuality "1"]

1. e4 c5 2. Nf3 d6 3. d4 cxd4 4. Nxd4 Nf6 5. Nc3 a6 6. a4 b6 7. g3 Bb7 8. Bg2 e6 9. 0-0 Nbd7 10. h3 Qc7 11. Re1 Be7 12. Kh2 0-0 13. Bd2 Rfd8 14. Qe2 Nf8 15. Rad1 Rd7 16. f4 Ng6 17. f5 exf5 18. Nxf5 Re8 19. Bg5 Bd8 20. Qd2 Re5 21. Be3 Nxe4 22. Nxe4 Rxf5 23. Qb4 d5 24. Nc3 h5 25. Bg1 Qxg3+ 26. Kh1 Nh4 27. Re8+ Kh7 28. Rd2 Nxg2 29. Rxg2 Qxh3+ 30. Rh2 d4+ 31. Ne4 Qf3+ 32. Rg2 Bxe4 33. Rh8+ 1-0

[Event "Irkutsk Region-ch"]
[Site "Angarsk"]
[Date "2009.10.31"]
[Round "6"]
[White "Kron, Valentin"]
[Black "Galaktionov, Pavel"]
[Result "1-0"]
[WhiteElo "2424"]
[BlackElo "2168"]
[PlyCount "111"]
[EventDate "2009.10.26"]
[EventType "swiss"]
[EventRounds "9"]
[EventCountry "RUS"]
[SourceTitle "EXT 2023"]
[Source "ChessBase"]
[SourceDate "2022.10.05"]
[SourceVersion "1"]
[SourceVersionDate "2022.10.05"]
[SourceQuality "1"]

1. c4 e5 2. Nc3 Nf6 3. Nf3 d6 4. d4 exd4 5. Nxd4 Be7 6. e4 0-0 7. Be2 Nc6 8. 0-0 Nxd4 9. Qxd4 Ne8 10. Nd5 f5 11. Bd3 Bf6 12. Nxf6+ Qxf6 13. Qxf6 Rxf6 14. Bg5 Rf8 15. Rfe1 f4 16. e5 Bf5 17. Bf1 dxe5 18. Rxe5 Bd7 19. c5 h6 20. Rd1 Bg4 21. f3 hxg5 22. fxg4 Nf6 23. Rxg5 Rad8 24. Be2 Rxd1+ 25. Bxd1 Rd8 26. Bb3+ Kh7 27. h3 Rd2 28. Rf5 Rxb2 29. Rxf4 Rb1+ 30. Kh2 Rc1 31. Bf7 Nd7 32. g5 g6 33. Be6 Ne5 34. Bc8 b6 35. cxb6 axb6 36. Re4 Rc5 37. h4 Kg7 38. g4 Nf7 39. Be6 Rc3 40. Bb3 c5 41. Bd5 Rd3 42. Bc4 Rd2+ 43. Re2 Rd4 44. Be6 b5 45. Kg3 c4 46. Rb2 Nd6 47. h5 c3 48. Re2 Ne4+ 49. Kf3 Nd2+ 50. Ke3 c2 51. Kxd4 c1Q 52. Bd5 Qg1+ 53. Kd3 Qc5 54. Be6 Nf3 55. hxg6 Qxg5 56. Bf5 1-0

[Event "Berdsk Maestro op 15th"]
[Site "Berdsk"]
[Date "2009.07.16"]
[Round "9"]
[White "Solomatin, Sergey"]
[Black "Galaktionov, Pavel"]
[Result "0-1"]
[WhiteElo "2020"]
[BlackElo "2174"]
[PlyCount "72"]
[EventDate "2009.07.08"]
[EventType "swiss"]
[EventRounds "9"]
[EventCountry "RUS"]
[SourceTitle "EXT 2022"]
[Source "ChessBase"]
[SourceDate "2021.10.06"]
[SourceVersion "1"]
[SourceVersionDate "2021.10.06"]
[SourceQuality "1"]

1. e4 c5 2. d3 e5 3. Nd2 Nc6 4. Ne2 d5 5. f4 Bg4 6. fxe5 Nxe5 7. h3 Be6 8. g3 g5 9. Bg2 d4 10. Nf3 Nxf3+ 11. Bxf3 Bg7 12. g4 Be5 13. Kf2 f6 14. h4 h6 15. Ng3 Qc7 16. Qg1 0-0-0 17. hxg5 fxg5 18. Nf5 Qb6 19. b3 Qa5 20. Qe1 Qc7 21. Qg1 Qa5 22. Qe1 Qc7 23. Bd2 Bxf5 24. exf5 Bg3+ 25. Kg2 Nf6 26. Rh3 Be5 27. Qe2 h5 28. Bxg5 hxg4 29. Bxg4 Rhg8 30. Bxf6 Bxf6 31. Qe6+ Kb8 32. Qxf6 Rxg4+ 33. Kh1 Rdg8 34. Rf1 a6 35. Qe6 Qg7 36. Qe1 Rh4 0-1